• 首页
  • 本馆介绍
  • 公告通知
  • 最新文献
  • 馆藏检索
  • 电子资源
  • 读者导购
  • 参考咨询
  • 我的图书馆
  • 登录
  • 详细信息显示
  • 放入我的书架
  • 预约/预借图书
  • 作者相关作品
  • 分类相关作品
  • 丛书相关作品
  • 出版社相关作品

书目信息

  • 表格格式
  • 工作单格式
  • 卡片格式
题名:
政治常识手册
    
 
作者: ;南京师范学院政教系《政治常识手册》组 编
分册:  
出版信息: 北京   中国青年出版社  1980.05
页数: 250页
开本: 19cm
丛书名:
单 册:
中图分类: D-62
科图分类:
主题词: 政治
电子资源:
ISBN:
000 00650nam0 2200205 45
001 0301140828
005 20071119144228.05
010    @dCNY0.48
091    @a3009.213
100    @a20030114d1980 km y0chiy0120 ea
101 0  @achi
105    @a z 000yy
200 1  @a政治常识手册@AZheng Zhi Chang Shi Shou Ce@f南京师范学院政教系《政治常识手册》组编@FNan Jing Shi Fan Xue Yuan Zheng Jiao Xi《Zheng Zhi Chang ShiShou Ce》ZuBian
210    @a北京@c中国青年出版社@d1980.05
215    @a250页@d19cm
606 0  @a政治
690    @aD-62@v3
711 02 @a南京师范学院政教系《政治常识手册》组@4编
801    @aCN@bTSTC@c20071119
905    @dD-62@e2@f1@b1026
    
    政治常识手册/南京师范学院政教系《政治常识手册》组编.-北京:中国青年出版社,1980.05
    250页;19cm
    
    
    ISBN :CNY0.48
    
●
相关链接 在E读中查询图书 在五车中查询图书 在当当中查询图书 在豆瓣中查询图书


正题名:政治常识手册     索取号:D-62/2         预约/预借

序号 登录号 条形码 馆藏地/架位号 状态 备注
1 0001026   001828473   密集书库/ [索取号:D-62/2] 在馆    
2 0001027   202164031   密集书库/ [索取号:D-62/2] 在馆    
唐山师范学院图书馆 欢迎您!
大连网信软件有限公司© 版权所有